| 000 | 00561nam a22001697a 4500 | ||
|---|---|---|---|
| 005 | 20251108164646.0 | ||
| 008 | 250721s1992 xx 000 0 ara d | ||
| 082 | 1 | 4 | _a414.2/ابر |
| 100 | 1 | _aالجعلي، إبراهيم طه أحمد | |
| 245 | 1 | 0 | _aصور من البيان العربي في ضوء التطبيق البلاغي / |
| 264 | 1 |
_aالقاهرة : _bمطبعة الحسين الإسلامية، _c1992. |
|
| 300 | _a131ص | ||
| 650 | 1 | 7 | _aالبلاغة العربية |
| 650 | 1 | 7 | _aعلم البيان |
| 942 |
_2ddc _cBK |
||
| 999 |
_c11148 _d11148 |
||